000 03736namaa22004211i 4500
003 EG-GICUC
005 20260310104136.0
008 260224s2025 ua a|||frm||| 000 0 eng d
040 _aEG-GICUC
_beng
_cEG-GICUC
_dEG-GICUC
_erda
041 0 _aspa
_bspa
_bara
049 _aDeposit
082 0 4 _a463.21
092 _a463.21
_221
097 _aM.A
099 _aCai01.02.16.M.A.2025.Es.M
100 0 _aEsraa Tawfik Aboelwafa Mohamed,
_epreparation.
245 1 3 _aLa maternidad no normativa en Los abismos de Pilar Quintana :
_bEstudio crítico /
_cby Esraa Tawfik Aboelwafa Mohamed ; Directora Profª. Dra. Rasha Mohamed Abboudy.
246 1 5 _aالأمومة غير المعيارية في رواية الهاويات للكاتبة بيلار كينتانا :
_bدراسة نقدية /
264 0 _c2025.
300 _a151 Leaves :
_billustrations ;
_c25 cm. +
_eCD.
336 _atext
_2rda content
337 _aUnmediated
_2rdamedia
338 _avolume
_2rdacarrier
502 _aThesis (M.A)-Cairo University, 2025.
504 _aBibliography: pages 136 -145.
520 3 _aEl presente estudio tiene como objetivo principal analizar el tema de la maternidad no normativa en la novela Los abismos (2021) de la escritora colombiana Pilar Quintana. Es una obra que cuestiona las concepciones tradicionales de la maternidad en la sociedad contemporánea. A través de un análisis crítico de los personajes y sus experiencias, se exploran las luchas internas y externas que enfrentan las mujeres que se alejan de los modelos maternos normativos. La investigación destaca cómo Quintana utiliza la narrativa para dar voz a estas experiencias, revelando las complejidades de la identidad femenina y las presiones sociales que moldean la maternidad. Analizaremos el tema de la maternidad no normativa mediante el uso de diferentes teorías literarias, feministas y sociológicas, con el fin de revelar la visión final de la autora.
520 3 _aالهدف الرئيسي من هذه الدراسة هو تحليل موضوع الأمومة غير المعيارية في رواية "الهاويات" (2021) للكاتبة الكولومبية بيلار كوينتانا، وهو عمل يُشكك في المفاهيم التقليدية للأمومة في المجتمع المعاصر. من خلال تحليل نقدي للشخصيات وتجاربها، تُستكشف الصراعات الداخلية والخارجية التي تواجهها النساء اللواتي يبتعدن عن النماذج الأمومية التقليدية. يُسلط البحث الضوء على كيفية استخدام كينتانا للسرد للتعبير عن هذه التجارب، كاشفةً عن تعقيدات الهوية الأنثوية والضغوط الاجتماعية التي تُشكل الأمومة. سنُحلل في هذه الدراسة الموضوع من خلال استخدام نظريات أدبية ونسوية واجتماعية مُختلفة، وذلك لكشف الرؤية النهائية للكاتبة.
530 _aIssues also as CD.
546 _aText in English and abstract in Arabic & English.
650 0 _aSpanish language
650 0 _aاللغة الإسبانية
653 1 _aMaternidad no normativa
_aPilar Quintana
_aAbismos
_aLiteratura Colombiana
_aالأمومة غير المعيارية
_aبيلار كينتانا
700 0 _aRasha Mohamed Abboudy
_ethesis advisor.
900 _b01-01-2025
_cRasha Mohamed Abboudy
_UCairo University
_FFaculty of Arts
_DDepartment of Hispanic Language and Literature
905 _aShimaa
_eEman Ghareb
942 _2ddc
_cTH
_e21
_n0
999 _c178712